Miejscowości z cząstką -zdrój - Statystyki

Ogólne statystyki
  • Ten quiz został rozwiązany 157 razy
    124 od ostatniego zresetowania
  • Średni wynik to 9 z 27
Statystyki odpowiedzi
Miejscowość % Poprawnych
Busko-Zdrój
74%
Krynica-Zdrój
74%
Kudowa-Zdrój
63%
Jastrzębie-Zdrój
62%
Lądek-Zdrój
55%
Iwonicz-Zdrój
53%
Polanica-Zdrój
51%
Duszniki-Zdrój
48%
Rabka-Zdrój
45%
Świeradów-Zdrój
44%
Szczawno-Zdrój
37%
Rymanów-Zdrój
36%
Piwniczna-Zdrój
33%
Połczyn-Zdrój
32%
Jedlina-Zdrój
29%
Goczałkowice-Zdrój
20%
Solec-Zdrój
20%
Wysowa-Zdrój
18%
Trzcińsko-Zdrój
16%
Długopole-Zdrój
15%
Horyniec-Zdrój
13%
Przerzeczyn-Zdrój
12%
Wieniec-Zdrój
10%
Opolno-Zdrój
8%
Jerzmanice-Zdrój
6%
Łomnica-Zdrój
6%
Latoszyn-Zdrój
4%
Nie znaleziono quizów pasujących do podanych kryteriów
Rozkład punktacji
Procent ludzi z każdym wynikiem
Percentyl według liczby udzielonych odpowiedzi
Twoja historia wyników
Nie rozwiązałeś tego quizu od ostatniego zresetowania